<?xml version="1.0" encoding="UTF-8"?>
<record
    xmlns:xsi="http://www.w3.org/2001/XMLSchema-instance"
    xsi:schemaLocation="http://www.loc.gov/MARC21/slim http://www.loc.gov/standards/marcxml/schema/MARC21slim.xsd"
    xmlns="http://www.loc.gov/MARC21/slim">

  <leader>01421nam0a22002651  4500</leader>
  <controlfield tag="001">rc\2301787</controlfield>
  <controlfield tag="005">20260406152217.0</controlfield>
  <datafield tag="035" ind1=" " ind2=" ">
    <subfield code="a">(NLR Aleph) 006570087</subfield>
  </datafield>
  <datafield tag="090" ind1=" " ind2=" ">
    <subfield code="a">6935451</subfield>
    <subfield code="c">6935451</subfield>
  </datafield>
  <datafield tag="100" ind1=" " ind2=" ">
    <subfield code="a">20110829d1977    u  y0rusy50      ca</subfield>
  </datafield>
  <datafield tag="101" ind1="0" ind2=" ">
    <subfield code="a">rus</subfield>
  </datafield>
  <datafield tag="102" ind1=" " ind2=" ">
    <subfield code="a">RU</subfield>
  </datafield>
  <datafield tag="105" ind1=" " ind2=" ">
    <subfield code="a">y   z   |||a|</subfield>
  </datafield>
  <datafield tag="200" ind1="1" ind2=" ">
    <subfield code="a">&#x41E;&#x43B;&#x435;&#x441;&#x44F;</subfield>
    <subfield code="e">&#x420;&#x430;&#x441;&#x441;&#x43A;&#x430;&#x437;&#x44B;</subfield>
    <subfield code="f">&#x410;.&#x418;. &#x41A;&#x443;&#x43F;&#x440;&#x438;&#x43D;</subfield>
    <subfield code="g">[&#x41F;&#x43E;&#x441;&#x43B;&#x435;&#x441;&#x43B;. &#x412;. &#x417;&#x430;&#x440;&#x43E;&#x432;&#x43D;&#x43E;&#x439;]</subfield>
  </datafield>
  <datafield tag="210" ind1=" " ind2=" ">
    <subfield code="a">&#x425;&#x430;&#x431;&#x430;&#x440;&#x43E;&#x432;&#x441;&#x43A;</subfield>
    <subfield code="c">&#x41A;&#x43D;. &#x438;&#x437;&#x434;-&#x432;&#x43E;</subfield>
    <subfield code="d">1977</subfield>
  </datafield>
  <datafield tag="215" ind1=" " ind2=" ">
    <subfield code="a">256 &#x441;.</subfield>
    <subfield code="d">20</subfield>
  </datafield>
  <datafield tag="327" ind1="1" ind2=" ">
    <subfield code="a">&#x421;&#x43E;&#x434;&#x435;&#x440;&#x436;.: &#x414;&#x43E;&#x437;&#x43D;&#x430;&#x43D;&#x438;&#x435;; &#x41A;&#x443;&#x441;&#x442; &#x441;&#x438;&#x440;&#x435;&#x43D;&#x438;; Allez!; &#x427;&#x443;&#x434;&#x435;&#x441;&#x43D;&#x44B;&#x439; &#x434;&#x43E;&#x43A;&#x442;&#x43E;&#x440;; &#x41E;&#x43B;&#x435;&#x441;&#x44F;; &#x422;&#x430;&#x43F;&#x435;&#x440;; &#x421;&#x435;&#x43D;&#x442;&#x438;&#x43C;&#x435;&#x43D;&#x442;&#x430;&#x43B;&#x44C;&#x43D;&#x44B;&#x439; &#x440;&#x43E;&#x43C;&#x430;&#x43D;; &#x41E;&#x441;&#x435;&#x43D;&#x43D;&#x438;&#x435; &#x446;&#x432;&#x435;&#x442;&#x44B;; &#x411;&#x435;&#x43B;&#x44B;&#x439; &#x43F;&#x443;&#x434;&#x435;&#x43B;&#x44C;; &#x41B;&#x435;&#x43D;&#x43E;&#x447;&#x43A;&#x430;; &#x421;&#x432;&#x44F;&#x442;&#x430;&#x44F; &#x43B;&#x43E;&#x436;&#x44C;; &#x413;&#x440;&#x430;&#x43D;&#x430;&#x442;&#x43E;&#x432;&#x44B;&#x439; &#x431;&#x440;&#x430;&#x441;&#x43B;&#x435;&#x442;</subfield>
  </datafield>
  <datafield tag="464" ind1=" " ind2="0">
    <subfield code="1">2001#$a&#x414;&#x43E;&#x437;&#x43D;&#x430;&#x43D;&#x438;&#x435;$a&#x41A;&#x443;&#x441;&#x442; &#x441;&#x438;&#x440;&#x435;&#x43D;&#x438;$aAllez!$a&#x427;&#x443;&#x434;&#x435;&#x441;&#x43D;&#x44B;&#x439; &#x434;&#x43E;&#x43A;&#x442;&#x43E;&#x440;$a&#x41E;&#x43B;&#x435;&#x441;&#x44F;$a&#x422;&#x430;&#x43F;&#x435;&#x440;$a&#x421;&#x435;&#x43D;&#x442;&#x438;&#x43C;&#x435;&#x43D;&#x442;&#x430;&#x43B;&#x44C;&#x43D;&#x44B;&#x439; &#x440;&#x43E;&#x43C;&#x430;&#x43D;$a&#x41E;&#x441;&#x435;&#x43D;&#x43D;&#x438;&#x435; &#x446;&#x432;&#x435;&#x442;&#x44B;$a&#x411;&#x435;&#x43B;&#x44B;&#x439; &#x43F;&#x443;&#x434;&#x435;&#x43B;&#x44C;$a&#x41B;&#x435;&#x43D;&#x43E;&#x447;&#x43A;&#x430;$a&#x421;&#x432;&#x44F;&#x442;&#x430;&#x44F; &#x43B;&#x43E;&#x436;&#x44C;$a&#x413;&#x440;&#x430;&#x43D;&#x430;&#x442;&#x43E;&#x432;&#x44B;&#x439; &#x431;&#x440;&#x430;&#x441;&#x43B;&#x435;&#x442;</subfield>
    <subfield code="t">&#x413;&#x440;&#x430;&#x43D;&#x430;&#x442;&#x43E;&#x432;&#x44B;&#x439; &#x431;&#x440;&#x430;&#x441;&#x43B;&#x435;&#x442;</subfield>
  </datafield>
  <datafield tag="700" ind1=" " ind2="1">
    <subfield code="8">rus</subfield>
    <subfield code="7">ca</subfield>
    <subfield code="a">&#x41A;&#x443;&#x43F;&#x440;&#x438;&#x43D;</subfield>
    <subfield code="b">&#x410;. &#x418;.</subfield>
    <subfield code="c">&#x43F;&#x438;&#x441;&#x430;&#x442;&#x435;&#x43B;&#x44C;</subfield>
    <subfield code="f">1870-1938</subfield>
    <subfield code="g">&#x410;&#x43B;&#x435;&#x43A;&#x441;&#x430;&#x43D;&#x434;&#x440; &#x418;&#x432;&#x430;&#x43D;&#x43E;&#x432;&#x438;&#x447;</subfield>
    <subfield code="3">RU\NLR\AUTH\775766</subfield>
    <subfield code="9">115725</subfield>
  </datafield>
  <datafield tag="801" ind1=" " ind2="0">
    <subfield code="a">RU</subfield>
    <subfield code="b">NLR</subfield>
    <subfield code="g">psbo</subfield>
  </datafield>
  <datafield tag="801" ind1=" " ind2="1">
    <subfield code="a">RU</subfield>
    <subfield code="b">ELAR</subfield>
    <subfield code="2">rusmarc</subfield>
  </datafield>
  <datafield tag="852" ind1=" " ind2=" ">
    <subfield code="a">NLR</subfield>
    <subfield code="j">77-3/7800</subfield>
  </datafield>
  <datafield tag="899" ind1=" " ind2=" ">
    <subfield code="a">RuMoRGB</subfield>
    <subfield code="j">&#x411; 77-45/186</subfield>
  </datafield>
  <datafield tag="942" ind1=" " ind2=" ">
    <subfield code="c">BOOK</subfield>
  </datafield>
  <datafield tag="980" ind1=" " ind2=" ">
    <subfield code="a">NB</subfield>
  </datafield>
  <datafield tag="995" ind1=" " ind2=" ">
    <subfield code="5">2013-10-26</subfield>
    <subfield code="b">NLR01</subfield>
    <subfield code="c">NLR01</subfield>
    <subfield code="e">RF91</subfield>
    <subfield code="f">1-2353791</subfield>
    <subfield code="k">77-3/7800</subfield>
    <subfield code="o">0</subfield>
    <subfield code="r">BOOK</subfield>
    <subfield code="s">7737800_</subfield>
  </datafield>
</record>
